000
00267nam a22001217a 4500
008
180927b xxu||||| |||| 00| 0 eng d
041
_a
eng
080
_a
370
100
_a
67
101
_a
EDU
245
_a
Handbook Of Current English
_c
Smith..P
942
_2
udc
_c
BK
999
_c
48533
_d
48533